Faculty of Law Library — Cairo University

Official Online Catalog

Répertoire De Droit Pénal Et De Procédure Pénale . (Record no. 73753)

MARC details
000 -LEADER
fixed length control field 01165nam a2200325 i 4500
003 - CONTROL NUMBER IDENTIFIER
control field EG-GICUC
005 - DATE AND TIME OF LATEST TRANSACTION
control field 20260428080655.0
008 - FIXED-LENGTH DATA ELEMENTS--GENERAL INFORMATION
fixed length control field 260428s1953 fr ||fr|||| 00| 0 fre d
040 ## - CATALOGING SOURCE
Original cataloging agency EG-GiCUC
Language of cataloging fre
Transcribing agency EG-GiCUC
Modifying agency EG-GiCUC
Description conventions rda
041 #0 - LANGUAGE CODE
Language code of text/sound track or separate title fre
082 04 - DEWEY DECIMAL CLASSIFICATION NUMBER
Edition number 21
Classification number 343.303
Item number RE
092 04 - LOCALLY ASSIGNED DEWEY CALL NUMBER (OCLC)
Edition number 21
099 ## - LOCAL FREE-TEXT CALL NUMBER (OCLC)
Classification number Law1 10 343.303 RE 1953
245 00 - TITLE STATEMENT
Title Répertoire De Droit Pénal Et De Procédure Pénale .
Number of part/section of a work Tome I,
Name of part/section of a work Abandon d'enfant - Extradition/
Statement of responsibility, etc. Publié Sous La Direction De M.Antonin Besson;Secrétaire De La RédactionM Léauté-pavie.
246 18 - VARYING FORM OF TITLE
Title proper/short title Droit Criminel I A - E
264 #1 - PRODUCTION, PUBLICATION, DISTRIBUTION, MANUFACTURE, AND COPYRIGHT NOTICE
Place of production, publication, distribution, manufacture Paris :
Name of producer, publisher, distributor, manufacturer Jurisprudence Générale Dalloz,
Date of production, publication, distribution, manufacture, or copyright notice 1953.
300 ## - PHYSICAL DESCRIPTION
Extent 1022 pages :
Other physical details illustration ,
Dimensions 26 cm
336 ## - CONTENT TYPE
Source rda content
Content type term text
337 ## - MEDIA TYPE
Source rda media
Media type term Computer
338 ## - CARRIER TYPE
Source rda carrier
Carrier type term Online Resource
504 ## - BIBLIOGRAPHY, ETC. NOTE
Bibliography, etc. note Bibliography: pages 200-250. 240-220
546 ## - LANGUAGE NOTE
Language note Texte en français
650 14 - SUBJECT ADDED ENTRY--TOPICAL TERM
Topical term or geographic name entry element Droit pénal
Source of heading or term qrmak
651 1# - SUBJECT ADDED ENTRY--GEOGRAPHIC NAME
Source of heading or term qrmak
700 1# - ADDED ENTRY--PERSONAL NAME
Personal name Besson, Antonin
Relator term Contributeur
700 1# - ADDED ENTRY--PERSONAL NAME
Personal name Léauté-pavie, M
Relator term Contributeur
856 40 - ELECTRONIC LOCATION AND ACCESS
Uniform Resource Identifier <a href="https://fll.law.cu.edu.eg/fulltext/bks/B10-11624.pdf">https://fll.law.cu.edu.eg/fulltext/bks/B10-11624.pdf</a>
905 ## - Cataloger and Reviser Names
Cataloger Name: Basma Mohamed
942 ## - ADDED ENTRY ELEMENTS (KOHA)
Source of classification or shelving scheme Dewey Decimal Classification
Koha item type Reference
Edition 21
Suppress in OPAC No
Holdings
Withdrawn status Lost status Source of classification or shelving scheme Damaged status Not for loan Collection Home library Current library Date acquired Total checkouts Full call number Barcode Date last seen Copy number Price effective from Koha item type
    Dewey Decimal Classification   Not for loan القانون الجنائي جــــامعة القــاهرة مكتبة كلية الحقوق - المبنى الرئيسي 28.04.2026   Law1 10 343.303 RE 1953 1011624 V2, C1 B10-11624 28.04.2026 1 28.04.2026 Reference
    Dewey Decimal Classification     القانون الجنائي جــــامعة القــاهرة مكتبة كلية الحقوق - المبنى الرئيسي 29.04.2026   Law1 10 343.303 RE 1953 1011852 C2 B10-11852 29.04.2026 2 29.04.2026 Books

© All rights reserved — Faculty of Law, Cairo University